| 000 | 00843 a2200229 4500 | ||
|---|---|---|---|
| 999 |
_c6627 _d6627 |
||
| 020 | _a9780323393782 | ||
| 050 | _aRD 87.3 KAP 2017 | ||
| 100 |
_aKaplan, Joel A _eeditor |
||
| 245 |
_aKaplan's cardiac anesthesia : _b for cardiac and noncardiac surgery / _cJoel A. Kaplan, John G.T. Augoustides, Gerard R. Manecke, Jr., Timothy Maus and David L. Reich |
||
| 250 | _a7th ed. | ||
| 264 |
_aPhiladelphia, PA : _bElsevier, _c 2017 |
||
| 300 |
_a1663p. : _bill.(col.) |
||
| 500 | _aIncludes bibliographical reference and index | ||
| 650 | _aAnesthesia | ||
| 650 |
_aHeart _xdrug effects |
||
| 650 | _aCardiac surgical procedures | ||
| 700 |
_aAugoustides, John G.T. _eeditor |
||
| 700 |
_aManecke, Gerard R. Jr. _eeditor |
||
| 700 |
_aMaus ,Timothy _eeditor |
||
| 700 |
_aReich,David L. _eeditor |
||
| 942 |
_2lcc _cBK _e7th ed. _h87.3 _iKAP _kRD |
||